| 000 | 00509nam a2200181Ia 4500 | ||
|---|---|---|---|
| 003 | GCL | ||
| 008 | 140319s9999 xx 000 0 ara d | ||
| 040 |
_aGCL / _cGCL |
||
| 082 | 0 | 4 |
_a658 _bع ا |
| 100 | 1 | _aعلى محمد عبدالوهاب | |
| 245 | 1 | 0 |
_aالادارة ( مدخل بيئى ) / _cعلى محمد عبدالوهاب |
| 700 | 1 | _aاحمد محمد عبد الله | |
| 300 | _a384 ص | ||
| 490 | _a | ||
| 650 | 0 | 4 | _aادارة الاعمال |
| 650 | 0 | 4 | _aالادارة |
| 942 |
_2ddc _cBK |
||
| 999 |
_c37613 _d37613 |
||